000 00526 a2200169 4500
999 _c7224
_d7224
020 _a9789280641837
050 _aKF4750 HOD 2007
100 _aHodgkin, Rachel
_eauthor
245 _aImplementation handbook for the convention on the rights of the child /
_cRachel Hodgkin and Peter Newell
250 _a3rd ed
264 _aGeneva :
_bUnicef
_c2007
300 _a787p.
_bill.
500 _aIncludes bibliographical references
650 _aChildren's rights
700 _aPeter Newell
942 _2lcc
_cBK
_e3rd
_h4750
_iHOD
_kKF